000 01605cam a22004694i 4500
003 PE-LiUPU
005 20250731184512.0
008 150617s r 000 0 d
035 _a(Sirsi) a16491
040 _aPE-LiUPU
_bspa
_cPE-LiUPU
_erda
049 _aPRUA
082 0 4 _a911.87
_bG633o
_223
100 1 0 _aGómez Picón, Rafael,
_eautor.
245 1 0 _aOrinoco, río de libertad :
_binterpretación geográfica, histórica, social y económica desde el descubrimiento hasta nuestros días /
_cRafael Gómez Picón.
264 1 _aMadrid :
_bAfrodisio Aguado,
_c1953.
300 _a501 páginas ;
_c21 centímetros.
336 _atext
_2rdacontent
337 _aunmediated
_2rdamedia
338 _avolume
_2rdacarrier
504 _aIncluye bibliografía.
505 0 _aConcepto de Manuel Díaz Rodríguez -- Aproximación al Orinoco -- Contornos -- Río negro y alto Orinoco -- El Orinoco centtral -- En el bajo río.
526 _aP136
526 _aP135
526 _aP134
526 _aP133
526 _aP144
526 _aP143
526 _aP87
526 _aP35
526 _aP20
526 _aP14
526 _aP10
526 _aP06
651 1 4 _aOrinoco (Río)
_xDescripción.
_93010
651 1 4 _aOrinoco (Río)
_xHistoria.
_93011
651 1 4 _aOrinoco (Río)
_xDescripciones y viajes.
_93012
910 _ajck
942 _2ddc
_cBK
_n0
949 _a911.87 G633o
_wDEWEY
_c1
_i06480
_lCCODEBUL1
_mBUL
_r0
_sY
_tBOOK
_u19930829
_xEDUCACION
_zUNKNOWN
_0COMPRA
_o.STAFF. Colección General
980 _81
_gALBERTO SANCHEZ Responsable de Automatización
999 _c13702
_d13702